000 00701nam a2200265Ia 4500
003 OSt
005 20221007101358.0
006 a|||||r|||| 00| 0
007 ta
008 221006b |||||||| |||| 00| 0 eng d
024 _a6,355
037 _cTextual
040 _aLCO
_cLCO
_beng
041 _2eng
_aeng
082 _aZk, L1
100 _aMukherjee T.P. Ed.
_9702913
245 0 _aLaw Lexicon
260 _aAllahabad
_bCentral Law Agency India
_c1971
300 _a688
490 _vVol. - IIII
650 _aLAW LEXICON
_9701341
700 _a Singh K.K. Ed.
_9418732
942 _hZk, L1
_cTEXL
999 _c1175918
_d1175918